| 000 | 00882nam a22002417a 4500 | ||
|---|---|---|---|
| 005 | 20180803170208.0 | ||
| 008 | 151222t2015 fr ||||| |||| 00| 0 fre d | ||
| 020 | _a9782363831781 | ||
| 040 |
_aCO-BoIAVH _cCO-BoIAVH |
||
| 041 | 0 | _afre | |
| 044 | _afr | ||
| 082 | 0 | 4 |
_a304.25 _bN93e |
| 245 | 1 | 3 |
_aLa nouvelle économie climatique : _bune meilleure croissance, un meilleur climat |
| 260 | 3 |
_aParís (Francia) : _bThe Global Commission on the Economy and Climate : _bLes petits Martíns, _c2015. |
|
| 300 |
_a218 páginas : _bgráficas ; _c21 x 14 cm. |
||
| 650 | 6 |
_aEconomía _xCambio climático |
|
| 650 | 6 | _aCambio climático | |
| 650 | 6 |
_aCambio climático _xAspectos económicos |
|
| 650 | 6 |
_aCambio climático _xInnovación |
|
| 700 | 1 |
_aCalderón, Felipe _eDirector |
|
| 700 | 1 |
_aStern, Nicholas _eDirector |
|
| 942 |
_2ddc _cLIBRO |
||
| 999 |
_c17916 _d17916 |
||